Loading...
Man's worldly goods; the story of the wealth of nations /
| Main Author: | |
|---|---|
| Format: | Printed Book |
| Language: | English |
| Published: |
New York :
Monthly Review Press,
1968.
|
| LEADER | 00484nam a2200133Ia 4500 | ||
|---|---|---|---|
| 008 | 150624b xxu||||| |||| 00| 0 eng d | ||
| 082 | |a 330.1 | ||
| 100 | |a Huberman, Leo | ||
| 245 | |a Man's worldly goods; the story of the wealth of nations / |c Leo Huberman | ||
| 260 | |a New York : |b Monthly Review Press, |c 1968. | ||
| 300 | |a 348 p. | ||
| 942 | |c BK | ||
| 999 | |c 25199 |d 25199 | ||
| 952 | |0 0 |1 0 |4 0 |6 330_100000000000000_HUB_M |7 0 |9 25198 |a UL |b UL |c ST2 |d 1998-08-28 |l 0 |o 330.1 HUB/M |p 36554 |r 2012-10-27 |w 2012-10-27 |y BK | ||